书目信息 |
| 题名: |
自动控制理论基础
|
|
| 作者: | 姚寿文 , 陈漫 编著 | |
| 分册: | ||
| 出版信息: | 北京 北京理工大学出版社 2006.01 |
|
| 页数: | 151页 | |
| 开本: | 26cm | |
| 丛书名: | ||
| 单 册: | ||
| 中图分类: | TP13 | |
| 科图分类: | ||
| 主题词: | 自动控制理论--zi dong kong zhi li lun--高等学校--教材 | |
| 电子资源: | ||
| ISBN: | 7-5640-0649-8 | |
| 000 | 00889nam0 2200241 450 | |
| 001 | 012006963046 | |
| 005 | 20060701085258.62 | |
| 010 | @a7-5640-0649-8@dCNY16.00 | |
| 100 | @a20060518d2006 km y0chiy0120 ea | |
| 101 | 0 | @achi |
| 102 | @aCN@b110000 | |
| 105 | @aa a 000yy | |
| 200 | 1 | @a自动控制理论基础@Azi dong kong zhi li lun ji chu@f姚寿文, 陈漫编著@Fyao shou wen,chen man bian zhu |
| 210 | @a北京@c北京理工大学出版社@d2006.01 | |
| 215 | @a151页@c图@d26cm | |
| 320 | @a有书目。 | |
| 330 | @a本书主要内容包括:控制系统的动态数学模型、时域性能分析、控制系统的频率特性、根轨迹法、控制系统的综合和校正,在各章中应用MATLAB进行了控制系统相关内容的分析。 | |
| 606 | 0 | @a自动控制理论@Azi dong kong zhi li lun@x高等学校@j教材 |
| 690 | @aTP13@v4 | |
| 701 | 0 | @a姚寿文@Ayao shou wen@4编著 |
| 701 | 0 | @a陈漫@Achen man@4编著 |
| 801 | 0 | @aCN@bQSSK@c20060701 |
| 905 | @a10447@dTP13@eY368 | |
| 自动控制理论基础/姚寿文, 陈漫编著.-北京:北京理工大学出版社,2006.01 |
| 151页:图;26cm |
| ISBN 7-5640-0649-8:CNY16.00 |
| 本书主要内容包括:控制系统的动态数学模型、时域性能分析、控制系统的频率特性、根轨迹法、控制系统的综合和校正,在各章中应用MATLAB进行了控制系统相关内容的分析。 |
| ● |
| 相关链接 |
|
|
|
正题名:自动控制理论基础
索取号:TP13/Y368
 
预约/预借
| 序号 | 登录号 | 条形码 | 馆藏地/架位号 | 状态 | 备注 |
| 1 | 581024 | 205810247 | 自科库301/301自科库 34排1列3层/ [索取号:TP13/Y368] | 在馆 | |
| 2 | 581025 | 205810256 | 自科库301/301自科库 101排5列6层/ [索取号:TP13/Y368] | 在馆 | |
| 3 | 581026 | 205810265 | 自科库301/301自科库 101排5列6层/ [索取号:TP13/Y368] | 在馆 |